000 00596nam a2200181Ia 4500
008 090124s9999 xx 000 0 und d
082 _b23311
_a1420
100 _aनाईक वसंत.
245 _a जागतिक क्रिकेटचा इतिहास
250 _a1
260 _c1981
300 _a424
600 _aनाईक वसंत.
630 _a जागतिक क्रिकेटचा इतिहास
700 _aनाईक वसंत.
730 _a जागतिक क्रिकेटचा इतिहास
942 _cBOOK
999 _c136916
_d136916